Wszyscy Zadymiarze w Brawl Stars - Statystyki

Ogólne statystyki
  • Ten quiz został rozwiązany 715 razy
    32 od ostatniego zresetowania
  • Średni wynik to 51 z 102
Statystyki odpowiedzi
Rzadkość Zadymiarz % Poprawnych
Legendarny Leon
90%
Rzadki/Aleja pucharów Bull
85%
Rzadki/Aleja pucharów Colt
85%
Legendarny Crow
85%
Bardzo rzadki Rico
85%
Zwykły/Początkowy Shelly
85%
Bardzo rzadki/Aleja pucharów 8-BIT
80%
Epicki/Aleja pucharów Bo
80%
Rzadki/Aleja pucharów Nita
80%
Legendarny Spike
80%
Rzadki Barley
75%
Rzadki/Aleja pucharów Brock
75%
Epicki Edgar
75%
Rzadki El Primo
75%
Legendarny Kit
75%
Rzadki Rosa
75%
Legendarny Sandy
75%
Ultralegendarny Kaze
70%
Mityczny Mortis
70%
Bardzo rzadki Darryl
65%
Bardzo rzadki/Aleja pucharów Dynamike
65%
Mityczny/Chromatyczny Fang
65%
Epicki Frank
65%
Epicki/Chromatyczny Gale
65%
Bardzo rzadki/Aleja pucharów Jessie
65%
Epicki/Chromatyczny Mandy
65%
Bardzo rzadki Penny
65%
Epicki Bibi
60%
Epicki/Aleja pucharów Emz
60%
Mityczny Gene
60%
Bardzo rzadki Gus
60%
Rzadki Poco
60%
Epicki/Chromatyczny Sam
60%
Bardzo rzadki/Aleja pucharów Tick
60%
Legendarny Amber
55%
Epicki Bonnie
55%
Mityczny/Chromatyczny Buzz
55%
Legendarny (Tymczasowy) Buzz Astral
55%
Legendarny/Chromatyczny Cordelius
55%
Bardzo rzadki Jacky
55%
Mityczny/Chromatyczny Janet
55%
Legendarny Meg
55%
Epicki Piper
55%
Ultralegendarny Sirius
55%
Legendarny/Chromatyczny Surge
55%
Mityczny Tara
55%
Epicki Nani
50%
Epicki Pam
50%
Epicki Shade
50%
Mityczny Willow
50%
Mityczny Alli
45%
Epicki Angelo
45%
Epicki/Chromatyczny Belle
45%
Mityczny/Chromatyczny Buster
45%
Epicki Grom
45%
Mityczny Max
45%
Epicki/Chromatyczny Pearl
45%
Epicki Bea
40%
Epicki Berry
40%
Mityczny Byron
40%
Bardzo rzadki Carl
40%
Mityczny Doug
40%
Legendarny Kenji
40%
Epicki/Chromatyczny Maisie
40%
Mityczny Melodie
40%
Mityczny Mico
40%
Mityczny Mina
40%
Mityczny Ollie
40%
Mityczny Sprout
40%
Epicki Trunk
40%
Epicki/Chromatyczny Ash
35%
Mityczny/Chromatyczny Charlie
35%
Legendarny Chester
35%
Mityczny Chuck
35%
Epicki/Chromatyczny Colette
35%
Legendarny Draco
35%
Mityczny/Chromatyczny Eve
35%
Epicki Griff
35%
Epicki Larry & Lawrie
35%
Mityczny Lily
35%
Epicki/Chromatyczny Lola
35%
Mityczny Moe
35%
Mityczny/Chromatyczny Ruffs
35%
Epicki/Aleja pucharów Stu
35%
Mityczny Gigi
30%
Mityczny Gray
30%
Mityczny/Chromatyczny Lou
30%
Mityczny Najia
30%
Mityczny Squeak
30%
Mityczny Ziggy
30%
Mityczny Finx
25%
Mityczny Juju
25%
Epicki Meeple
25%
Mityczny Mr. P
25%
Legendarny Pierce
25%
Mityczny/Chromatyczny R-T
25%
Mityczny Clancy
20%
Epicki Hank
20%
Mityczny Glowy
15%
Mityczny Lumi
15%
Mityczny/Chromatyczny Otis
15%
Mityczny Jae-yong
10%
Nie znaleziono quizów pasujących do podanych kryteriów
Rozkład punktacji
Procent ludzi z każdym wynikiem
Percentyl według liczby udzielonych odpowiedzi
Twoja historia wyników
Nie rozwiązałeś tego quizu od ostatniego zresetowania